| 000 | 00432pam a2200157a 44500 | ||
|---|---|---|---|
| 008 | 230405s1995 xxu||||| |||| 00| 0 eng d | ||
| 041 | _aENG | ||
| 100 | _aमेनोन रेखा पि. | ||
| 245 | _aजजबात | ||
| 260 |
_aदेल्ही _bआशा प्रकाशन _c1995 |
||
| 300 | _a66p. | ||
| 440 | _aSOURCE: KENDRIY HINDI NIDESHALAY, DELHI. | ||
| 650 | _aHINDI | ||
| 690 | _aHINDI | ||
| 906 | _a2744 | ||
| 999 |
_c782968 _d782968 |
||